| Tag |
First Indicator |
Second Indicator |
Subfields |
| LEADER |
00000pam a2200000 a 4500 |
| 001 |
in00000435813 |
| 005 |
20151012073106.0 |
| 008 |
860103s1986 mau b 00110 eng |
| 010 |
|
|
|a 85046018
|
| 020 |
|
|
|a 0669126683 (alk. paper)
|
| 035 |
|
|
|a (OCoLC)13064651
|
| 035 |
|
|
|9 ABX0096AM
|
| 039 |
0 |
|
|a 2
|b 3
|c 3
|d 3
|e 3
|
| 040 |
|
|
|a DLC
|c DLC
|d TXA
|d UtOrBLW
|
| 043 |
|
|
|a n-us---
|
| 049 |
|
|
|a TXAM
|c [A09943422]
|
| 050 |
0 |
0 |
|a HF1455
|b .L36 1986
|
| 082 |
0 |
|
|a 382/.3/0973
|2 19
|
| 100 |
1 |
|
|a Lamont, Douglas F.
|
| 245 |
1 |
0 |
|a Forcing our hand :
|b America's trade wars in the 1980s /
|c Douglas F. Lamont.
|
| 264 |
|
1 |
|a Lexington, Mass. :
|b Lexington Books,
|c [1986]
|
| 264 |
|
4 |
|c ©1986
|
| 300 |
|
|
|a xxiv, 257 pages ;
|c 24 cm.
|
| 336 |
|
|
|a text
|b txt
|2 rdacontent
|
| 337 |
|
|
|a unmediated
|b n
|2 rdamedia
|
| 338 |
|
|
|a volume
|b nc
|2 rdacarrier
|
| 500 |
|
|
|a Includes index.
|
| 504 |
|
|
|a Bibliography: pages [233]-239.
|
| 650 |
|
0 |
|a Competition, International.
|
| 651 |
|
0 |
|a United States
|x Commercial policy.
|
| 999 |
|
|
|a MARS
|
| 999 |
f |
f |
|s 998136b3-c2b2-30be-ac1a-fd16f83ddeaf
|i 9db27b7f-ab07-35d8-868c-5f53ea15e289
|t 0
|
| 952 |
f |
f |
|p ric
|a Texas A&M University
|b Rellis Campus
|c Joint Library Facility
|d Remote Storage
|t 0
|e HF1455 .L36 1986
|h Library of Congress classification
|i unmediated -- volume
|m A14809943422
|
| 998 |
f |
f |
|a HF1455 .L36 1986
|t 0
|l Remote Storage
|